Rozšírenie využitia informačného systému SAP-R3 v Chemolak, a. s. Smolenice : Diplomová práca

Na minha lista:
Detalhes bibliográficos
Autor principal: Jelenek, Jaroslav (Author)
Outros Autores: Ončák, Peter, 1938- (xxx)
Formato: Manuscrito Livro
Idioma:eslovaco
Publicado em: Trnava : STU v Bratislave MtF KPIM, 2003
Assuntos:
Tags: Adicionar Tag
Sem tags, seja o primeiro a adicionar uma tag!

MARC

LEADER 00000ntm a22000003a 4500
001 stu82130
005 20160719154915.6
008 031009s2003----xo------------------slo-d
040 |a STU  |b slo 
041 0 |a slo 
044 |a xo 
100 1 |a Jelenek, Jaroslav  |4 aut 
245 1 |a Rozšírenie využitia informačného systému SAP-R3 v Chemolak, a. s. Smolenice :  |b Diplomová práca 
260 |a Trnava :  |b STU v Bratislave MtF KPIM,  |c 2003 
300 |a 67 s  |c abstr. 
650 7 |a implementované informačné systémy  |2 stusub 
650 7 |a manažment priemyselných podnikov  |2 stusub 
700 1 |a Ončák, Peter,  |d 1938-  |4 xxx  |u M190  |U MTF Materiálovotechnologická fakulta  |T MTF Katedra priemyselného inžinierstva a manažmentu  |X 1508  |U M190  |Y 167  |7 A000001508 
996 |b 284M037540  |c M*DP-4540  |l MMSKP  |s P  |a 0  |w stu82130_0001